The emergence of the Catholic tradition (100-600) / (Record no. 5004)

MARC details
000 -LEADER
fixed length control field 00935nam a2200277 a 4500
001 - CONTROL NUMBER
control field 9628331
003 - CONTROL NUMBER IDENTIFIER
control field OSt
005 - DATE AND TIME OF LATEST TRANSACTION
control field 20181219131852.0
008 - FIXED-LENGTH DATA ELEMENTS--GENERAL INFORMATION
fixed length control field 830621s1971 ilu b 001 0 eng d
020 ## - INTERNATIONAL STANDARD BOOK NUMBER
International Standard Book Number 0226653714
040 ## - CATALOGING SOURCE
Original cataloging agency MOG
Transcribing agency MOG
Modifying agency m/c
-- OBE
082 ## - DEWEY DECIMAL CLASSIFICATION NUMBER
Classification number 230
Item number P384E
099 ## - LOCAL FREE-TEXT CALL NUMBER (OCLC)
Classification number 230.09P363Ch, v.1
100 1# - MAIN ENTRY--PERSONAL NAME
Personal name Pelikan, Jaroslav,
Dates associated with a name 1923-2006
245 14 - TITLE STATEMENT
Title The emergence of the Catholic tradition (100-600) /
Statement of responsibility, etc. Jaroslav Pelikan
260 ## - PUBLICATION, DISTRIBUTION, ETC.
Place of publication, distribution, etc. Chicago :
Name of publisher, distributor, etc. University of Chicago Press,
Date of publication, distribution, etc. c1971
300 ## - PHYSICAL DESCRIPTION
Extent xxiii, 394 p. ;
Dimensions 24 cm
490 1# - SERIES STATEMENT
Series statement The Christian tradition ;
Volume/sequential designation v. 1
500 ## - GENERAL NOTE
General note Includes indexes
504 ## - BIBLIOGRAPHY, ETC. NOTE
Bibliography, etc. note Bibliography: p. 358-376
610 20 - SUBJECT ADDED ENTRY--CORPORATE NAME
Corporate name or jurisdiction name as entry element Catholic Church
General subdivision Doctrines
650 #0 - SUBJECT ADDED ENTRY--TOPICAL TERM
Topical term or geographic name entry element Theology, Doctrinal
General subdivision History
Chronological subdivision Early church, ca. 30-600
650 #0 - SUBJECT ADDED ENTRY--TOPICAL TERM
Topical term or geographic name entry element Church history
Chronological subdivision Primitive and early church, ca. 30-600
800 1# - SERIES ADDED ENTRY--PERSONAL NAME
Personal name Pelikan, Jaroslav,
Dates associated with a name 1923-2006.
Title of a work Christian tradition ;
Volume/sequential designation v. 1
942 ## - ADDED ENTRY ELEMENTS (KOHA)
Source of classification or shelving scheme Dewey Decimal Classification
Koha item type Books
Holdings
Withdrawn status Lost status Source of classification or shelving scheme Damaged status Not for loan Collection code Home library Current library Shelving location Date acquired Cost, normal purchase price Total Checkouts Full call number Barcode Date last seen Price effective from Koha item type
    Dewey Decimal Classification     Non-fiction Harvest Mission College Harvest Mission College General Stacks 19.12.2018 850.00   230 P384E 005711 19.12.2018 19.12.2018 Books

OPAC Designed and Maintained by HMC Library Team.
Copyright © HMC Library,Greater Noida, UP.
For any Suggestions/Query Contact library via Email:libhmc@gmail.com